<?xml version="1.0" encoding="UTF-8"?>
<record
    xmlns:xsi="http://www.w3.org/2001/XMLSchema-instance"
    xsi:schemaLocation="http://www.loc.gov/MARC21/slim http://www.loc.gov/standards/marcxml/schema/MARC21slim.xsd"
    xmlns="http://www.loc.gov/MARC21/slim">

  <leader>01235nam a22002775i 4500</leader>
  <controlfield tag="001">155367</controlfield>
  <controlfield tag="003">ES-MaACL</controlfield>
  <controlfield tag="005">20251003063136.0</controlfield>
  <controlfield tag="008">040720s1808    sp           |||| | spa d</controlfield>
  <datafield tag="040" ind1=" " ind2=" ">
    <subfield code="a">CAM </subfield>
    <subfield code="b">spa </subfield>
    <subfield code="c">CAM</subfield>
  </datafield>
  <datafield tag="100" ind1="1" ind2=" ">
    <subfield code="a">Herrera, Fernando de, </subfield>
    <subfield code="d">1534-1597</subfield>
    <subfield code="9">63190</subfield>
  </datafield>
  <datafield tag="245" ind1="1" ind2="0">
    <subfield code="a">Rimas de Fernando de Herrera / </subfield>
    <subfield code="c">por Don Ramon Fernandez ; tomo IV.</subfield>
  </datafield>
  <datafield tag="260" ind1=" " ind2=" ">
    <subfield code="a">Madrid : </subfield>
    <subfield code="b">Imprenta Real, </subfield>
    <subfield code="c">1808.</subfield>
  </datafield>
  <datafield tag="300" ind1=" " ind2=" ">
    <subfield code="a">87, [1] en bl., 231 p., [1] en bl., ; </subfield>
    <subfield code="c">16 cm.</subfield>
  </datafield>
  <datafield tag="490" ind1="1" ind2=" ">
    <subfield code="a">Colecci&#xF3;n de poetas espa&#xF1;oles ; </subfield>
    <subfield code="v">4</subfield>
  </datafield>
  <datafield tag="500" ind1=" " ind2=" ">
    <subfield code="a">Obra perteneciente a "Colecci&#xF3;n de poetas castellanos", seg&#xFA;n Aguilar, III, 1557.</subfield>
  </datafield>
  <datafield tag="530" ind1=" " ind2=" ">
    <subfield code="a">Disponible tambi&#xE9;n en sitio web.</subfield>
  </datafield>
  <datafield tag="594" ind1=" " ind2=" ">
    <subfield code="a">Palau t.III se&#xF1;ala que Ram&#xF3;n Fern&#xE1;ndez es seud&#xF3;nimo de Pedro Estala.</subfield>
  </datafield>
  <datafield tag="597" ind1=" " ind2=" ">
    <subfield code="a">Escudo real xilogr&#xE1;fico en portada.</subfield>
  </datafield>
  <datafield tag="597" ind1=" " ind2=" ">
    <subfield code="a">a-e8, f4, A-O8, P4.</subfield>
  </datafield>
  <datafield tag="700" ind1="1" ind2=" ">
    <subfield code="a">Estala, Pedro, </subfield>
    <subfield code="d">1757-1815</subfield>
    <subfield code="9">48003</subfield>
  </datafield>
  <datafield tag="830" ind1="0" ind2=" ">
    <subfield code="a">Colecci&#xF3;n de poetas espa&#xF1;oles ; </subfield>
    <subfield code="v">4</subfield>
    <subfield code="9">221557</subfield>
  </datafield>
  <datafield tag="852" ind1=" " ind2=" ">
    <subfield code="a">ES-MaACL</subfield>
    <subfield code="j">R-3104-12  </subfield>
    <subfield code="x">Olim:G-13256-64   </subfield>
    <subfield code="z">-- Enc. hol.   </subfield>
    <subfield code="z">-- 2 t. en 1 v.</subfield>
  </datafield>
  <datafield tag="856" ind1=" " ind2=" ">
    <subfield code="u">http://bibliotecadigitalhispanica.bne.es:80/webclient/DeliveryManager?pid=3040681&amp;custom_att_2=simple_viewer</subfield>
    <subfield code="z">Ir a la p&#xE1;gina</subfield>
  </datafield>
  <datafield tag="999" ind1=" " ind2=" ">
    <subfield code="c">155367</subfield>
    <subfield code="d">155367</subfield>
  </datafield>
  <datafield tag="952" ind1=" " ind2=" ">
    <subfield code="0">0</subfield>
    <subfield code="1">0</subfield>
    <subfield code="4">0</subfield>
    <subfield code="7">0</subfield>
    <subfield code="8">Colecci&#xF3;n_digital</subfield>
    <subfield code="a">ATENEOM</subfield>
    <subfield code="b">ATENEOM</subfield>
    <subfield code="c">DEPO</subfield>
    <subfield code="d">2008-01-17</subfield>
    <subfield code="l">0</subfield>
    <subfield code="o">R-3104-12</subfield>
    <subfield code="p">1162519</subfield>
    <subfield code="r">2023-02-23 00:00:00</subfield>
    <subfield code="w">2023-02-23</subfield>
    <subfield code="y">MONANT</subfield>
  </datafield>
</record>
